| 000 | 00670cam a2200181 a 4500 | ||
|---|---|---|---|
| 020 | _a0195776984 | ||
| 082 | 0 | 0 |
_a954 _cL-NUST, P-23 _bTIN |
| 100 | 1 |
_aTinker, Hugh. _946419 |
|
| 245 | 1 | 0 |
_aViceroy : _bCurzon to Mountbatten / _cHugh Tinker. |
| 260 |
_aKarachi ; _aNew York : _bOxford University Press, _c1997. |
||
| 300 |
_axii, 266 p., [12] p. of plates : _bill., ports. ; _c23 cm. |
||
| 526 |
_a0 _b0 _c0 _d954_000000000000000_TIN |
||
| 650 | 0 |
_aColonial administrators _zGreat Britain _xBiography. _946420 |
|
| 650 | 0 |
_aMCE _9379 |
|
| 650 | 0 |
_aViceroys _zIndia _xBiography. _946421 |
|
| 856 | 4 | 2 | _uhttp://www.loc.gov/catdir/enhancements/fy0606/98119252-d.html |
| 942 |
_2ddc _cBK |
||
| 999 |
_c549760 _d549760 |
||